Islamiat Lazmi 4 th/Ed (Record no. 311686)

000 -LEADER
fixed length control field 00374 a2200157 4500
001 - CONTROL NUMBER
control field 76613
082 ## - DEWEY DECIMAL CLASSIFICATION NUMBER
Classification number 297 AIO
090 ## - LOCALLY ASSIGNED LC-TYPE CALL NUMBER (OCLC); LOCAL CALL NUMBER (RLIN)
-- 39144
-- 39144
100 ## - MAIN ENTRY--PERSONAL NAME
Personal name AIOU
245 ## - TITLE STATEMENT
Title Islamiat Lazmi 4 th/Ed
Statement of responsibility, etc. AIOU
250 ## - EDITION STATEMENT
Edition statement 4 th
260 ## - PUBLICATION, DISTRIBUTION, ETC.
Place of publication, distribution, etc. Islamabad
Name of publisher, distributor, etc. Allam Iqbal Open University
Date of publication, distribution, etc. 1995
-- 1995
500 ## - GENERAL NOTE
General note CFT Textbook
520 ## - SUMMARY, ETC.
Summary, etc. CFT Textbook
538 ## - SYSTEM DETAILS NOTE
System details note 664 B actioned
942 ## - ADDED ENTRY ELEMENTS (KOHA)
Institution code [OBSOLETE] NUST-CAE
Call number prefix 297 AIO
Holdings
Withdrawn status Lost status Damaged status Not for loan Collection code Permanent Location Current Location Date acquired Total Checkouts Full call number Barcode Date last seen Price effective from Koha item type
          College of Aeronautical Engineering (CAE) College of Aeronautical Engineering (CAE) 04/03/2017   297 AIO CAE76019A 04/05/2017 04/05/2017 Book
© 2023 Central Library, National University of Sciences and Technology. All Rights Reserved.